| 000 | 00803nam a22002418a 4500 | ||
|---|---|---|---|
| 001 | 015674855 | ||
| 003 | Uk | ||
| 005 | 20130207120213.0 | ||
| 008 | 101015s2011 paua 001 0 eng|d | ||
| 020 | _a1605478873 (pbk.) | ||
| 020 | _a9781605478876 (pbk.) | ||
| 082 | 0 | 4 |
_a616.890231 _222 _bSHI |
| 100 | 1 |
_aShives, Louise Rebraca. _932509 |
|
| 245 | 1 | 0 |
_aBasic Concepts of Psychiatric-Mental Health Nursing. _cLouise Rebraca Shives. |
| 250 |
_a8th ed. / _bLouise Rebraca Shives. |
||
| 260 |
_aPhiladelphia, Pa. ; _aLondon : _bLippincott Williams & Wilkins, _c2011. |
||
| 300 |
_a1 v. : _bcol. ill. ; _c28 cm. |
||
| 500 | _aPrevious ed.: 2008. | ||
| 504 | _aIncludes bibliographical references and index. | ||
| 650 | 0 |
_aPsychiatric nursing. _932510 |
|
| 653 |
_bNUR _cFebruary2013 |
||
| 942 |
_2ddc _cNRB |
||
| 999 |
_c17264 _d17236 |
||